LEADER 00992nam0-22003491i-450- 001 990001204900403321 005 20070531150734.0 010 $a0-7204-2814-9 035 $a000120490 035 $aFED01000120490 035 $a(Aleph)000120490FED01 035 $a000120490 100 $a20001205d1975----km-y0itay50------ba 101 0 $aeng 200 1 $aInfinite and finite sets$fedited by A. Hajnal, R. Rado, Vera T. Sos 210 $aAmsterdam$cNorth-Holland$d1975 225 1 $aColloquia mathematica Societatis János Bolyai$v10-13 300 $aV. I, II, III 610 0 $aCombinatoria$aCongressi 702 1$aHajnal,$bAndras 702 1$aRado,$bR. 702 1$aSós,$bVera T. 801 0$aIT$bUNINA$gRICA$2UNIMARC 901 $aBK 912 $a990001204900403321 952 $a7-H-33-(1$b18412$fMA1 952 $a7-H-33-(2$b18413$fMA1 952 $a7-H-33-(3$b18414$fMA1 959 $aMA1 962 $a05-06 996 $aInfinite and finite sets$9343620 997 $aUNINA LEADER 00926cam0-2200325---450- 001 990004060090403321 005 20160201122435.0 010 $a88-86072-48-1 035 $a000406009 035 $aFED01000406009 035 $a(Aleph)000406009FED01 035 $a000406009 100 $a19990604d1980----km-y0itay50------ba 101 0 $aita 102 $aIT 105 $aa-------001yy 200 1 $aArte e politica$eil futurismo di sinistra in Italia$fGiovanni Lista 210 $aMilano$cMulthipla edizioni$d1980 215 $a244 p.$cill.$d21 cm 610 0 $aFuturismo 610 0 $aPartiti di sinistra$aItalia$aAtteggiamento verso il Futurismo 676 $a709.04033 700 1$aLista,$bGiovanni$0155296 801 0$aIT$bUNINA$gRICA$2UNIMARC 901 $aBK 912 $a990004060090403321 952 $a709.04 LIS 2$bD.F.M.1836$fFLFBC 959 $aFLFBC 996 $aArte e politica$9469730 997 $aUNINA